00854nam a22002055i 450000100060000000300090000600500170001500700030003200800410003504000200007608000120009608000210010810000420012924502280017125000290039926000700042830000300049865100630052885200570059153791ES-MaACL20230906162830.0t|960708s1840 sp ||||1| spa d aCAM bspa cCAM a94(460) a94(460)"1568/70"1 aFernández-Guerra y Orbe, Aureliano.10aReflexiones sobre la rebelión de los moriscos y censo de poblaciónb: insertas en el "Boletín Oficial de Granada" y reimpresas de órden de la Excma. Diputación provincial / c[Aureliano Fernández-Guerra y Orbe]. aCorr. y aum. en esta ed. aGranada : b[s.n.], c1840 (fImprenta de Gómez y Compañía) aVI, 49, [6] p. ; c21 cm. 4aEspaña-xHistoria-y1568-1570, Guerra de las Alpujarras. aES-MaACLjL-4904(11-6) z.- Enc. en un vol. facticio